| 000 | 00760cam a2200265 i 4500 | ||
|---|---|---|---|
| 001 | 15418 | ||
| 003 | BD-RjUL | ||
| 005 | 20211208235818.0 | ||
| 008 | 140210s1974 nyua b 001 0 eng | ||
| 020 | _a0471065293 | ||
| 035 | _a(BD-RjUL)15472 | ||
| 040 |
_aDLC _cDLC _dDLC _beng |
||
| 041 | _aeng | ||
| 082 | 0 | 0 |
_a657.98 _bGRF 1974 |
| 100 | 1 |
_aGross, Malvern J. _947891 |
|
| 245 | 1 | 0 |
_aFinancial and accounting guide for nonprofit organizations / _cMalvern J. Gross. |
| 250 | _a2d ed. | ||
| 260 |
_aNew York : _bRonald Press Co., _c[1974] |
||
| 300 |
_aix, 572 p. : _bill. ; _c24 cm. |
||
| 504 | _aIncludes index. | ||
| 650 | 0 |
_aNonprofit organizations _xAccounting. _945279 |
|
| 942 |
_2ddc _cBK |
||
| 999 |
_c15418 _d15418 |
||